| 000 | 00628nam a2200205 a 4500 | ||
|---|---|---|---|
| 005 | 20240228063844.0 | ||
| 008 | 031010s2001 mx r 000 0 spa d | ||
| 020 | _a970690543X | ||
| 035 | _aUPN01000129910 | ||
| 049 | _aI | ||
| 050 | 4 |
_aPZ71 _bG5.3 |
|
| 100 | 1 | _aGillmor, Don | |
| 245 | 1 | 1 |
_a¡Fuchi! una historia de amor / _cDon Gillmor, Marie-Louise Gay. |
| 260 |
_aMéxico : _bPlaneta Infantil, _c2001. |
||
| 300 |
_a[27] p. : _bprincipalmente il. col. |
||
| 650 | 4 |
_aCuentos infantiles _96744 |
|
| 650 | 4 |
_aLibros y lectura para niños _92290 |
|
| 700 | 1 |
_aGay, Marie-Louise, _d1952- _ecoaut. _942934 |
|
| 905 | _aInfantil | ||
| 999 |
_c102067 _d102067 |
||